Systeme et critique (Record no. 8466)

MARC details
000 -LEADER
campo de control de longitud fija 00711nam a2200241 i 4500
001 - NÚMERO DE CONTROL
campo de control 8466
003 - IDENTIFICADOR DE NÚMERO DE CONTROL
campo de control ES-MaACL
005 - FECHA Y HORA DE LA ÚLTIMA TRANSACCIÓN
campo de control 20230906145449.0
007 - CAMPO FIJO DE DESCRIPCIÓN FÍSICA--INFORMACIÓN GENERAL
campo de control de longitud fija t|
008 - DATOS DE LONGITUD FIJA--INFORMACIÓN GENERAL
campo de control de longitud fija 920618s1984 be ||||1| fre d
020 ## - NÚMERO INTERNACIONAL ESTÁNDAR DEL LIBRO
Número Internacional Estándar del Libro 2-87060-012-7
080 ## - NÚMERO DE LA CLASIFICACIÓN DECIMAL UNIVERSAL
Número de la Clasificación Decimal Universal 165
080 ## - NÚMERO DE LA CLASIFICACIÓN DECIMAL UNIVERSAL
Número de la Clasificación Decimal Universal 165.65
100 1# - ENTRADA PRINCIPAL--NOMBRE DE PERSONA
Nombre de persona Ferry, Luc.
9 (RLIN) 50610
245 10 - MENCIÓN DEL TÍTULO
Título Systeme et critique
Resto del título : essais sur la critique de la raison dans la philosophie contemporaine /
Mención de responsabilidad, etc. Luc Ferry, Alain Renaut.
260 ## - PUBLICACIÓN, DISTRIBUCIÓN, ETC.
Lugar de publicación, distribución, etc. Bruxelles :
Nombre del editor, distribuidor, etc. Ousia,
Fecha de publicación, distribución, etc. cop. 1984.
300 ## - DESCRIPCIÓN FÍSICA
Extensión 234 p. ;
Dimensiones 21 cm.
650 #4 - PUNTO DE ACCESO ADICIONAL DE MATERIA--TÉRMINO DE MATERIA
Término de materia o nombre geográfico como elemento de entrada Epistemología.
9 (RLIN) 12338
650 14 - PUNTO DE ACCESO ADICIONAL DE MATERIA--TÉRMINO DE MATERIA
Término de materia o nombre geográfico como elemento de entrada Raciocinio.
9 (RLIN) 16643
650 #4 - PUNTO DE ACCESO ADICIONAL DE MATERIA--TÉRMINO DE MATERIA
Término de materia o nombre geográfico como elemento de entrada Criticismo.
9 (RLIN) 11454
700 1# - ENTRADA AGREGADA--NOMBRE PERSONAL
Nombre de persona Renaut, Alain.
9 (RLIN) 96195
852 ## - LOCALIZACIÓN
Ubicación ES-MaACL
Número de control de estantería L-15815
Sublocalización o colección R.115758
Holdings
Estatus retirado Estado de pérdida Estado de daño No para préstamo Biblioteca de origen Biblioteca actual Ubicación en estantería Fecha de adquisición Fuente de adquisición Total de préstamos Signatura topográfica completa Código de barras Visto por última vez Precio de reemplazo Tipo de ítem Koha
        Biblioteca del Ateneo de Madrid Biblioteca del Ateneo de Madrid Depósito 2 17/01/2008     L-15815 1008645 23/02/2023 23/02/2023 Libro impreso